Control estadístico de la calidad

Furkejuvvon:
Bibliográfalaš dieđut
Váldodahkki: Montgomery, Douglas C. (Dahkki)
Materiálatiipa: Girji
Giella:espánnjágiella
Almmustuhtton: Ciudad de México Limusa 2004
Preanttus:3a. ed
Fáttát:
Fáddágilkorat: Lasit fáddágilkoriid
Eai fáddágilkorat, Lasit vuosttaš fáddágilkora!

MARC

LEADER 00000cam a2200000 a 4500
001 UCI2991
003 CL-VaPUC
008 071005e20040000MX |||||||||||||||||spa|d
020 |a 9681862341 
082 0 4 |a 658.562  |b MON  |2 21 
100 |a Montgomery, Douglas C.  |e author  |9 602209 
245 1 0 |a Control estadístico de la calidad 
250 |a 3a. ed 
300 |a 797 p 
942 |c BK 
945 |d 20071005 00:00:00  |a cmena 
260 |a Ciudad de México  |b Limusa  |c 2004 
650 0 |a Control de calidad   |9 259714 
650 0 |a Métodos estadísticos   |9 259407 
650 7 |a CONTROL DE PRODUCCION  |2 CL-VaPUC  |9 271421 
650 0 |a Estadística matemática  |9 260028 
650 0 |a Teoría de probabilidades   |9 336944 
650 0 |a Software  |9 387312 
583 |a last modification  |c 20180621 15:01:49  |k Rodrigo Vera 
999 |c 327391  |d 327389 
952 |0 0  |1 0  |2 ddc  |4 0  |6 658_562000000000000_MON_2004  |7 0  |8 A  |9 410175  |a BIBALI  |b BIBALI  |c RES  |d 2019-11-22  |i 433812K  |l 2  |m 1  |o 658.562 MON 2004  |p 433812K  |q 2025-05-09  |r 2025-04-25  |s 2025-04-25  |w 2019-11-22  |y BK  |k ALI 
952 |0 0  |1 0  |4 0  |6 658_562000000000000_MON_2004  |7 0  |8 A  |9 410176  |a BIBALI  |b BIBALI  |c RES  |d 2019-11-22  |i 4551346  |o 658.562 MON 2004  |p 4551346  |r 2025-01-20  |w 2019-11-22  |y BK_R  |k ALI 
952 |0 0  |1 0  |4 0  |6 658_562000000000000_MON_2004  |7 0  |8 A  |9 410177  |a BIBALI  |b BIBALI  |c RES  |d 2019-11-22  |i 4551354  |o 658.562 MON 2004  |p 4551354  |r 2025-01-20  |w 2019-11-22  |y BK_R  |k ALI 
952 |0 0  |1 0  |4 0  |6 658_562000000000000_MON_2004  |7 0  |8 A  |9 410178  |a BIBALI  |b BIBALI  |c RES  |d 2019-11-22  |i 4551362  |o 658.562 MON 2004  |p 4551362  |r 2025-01-20  |w 2019-11-22  |y BK_R  |k ALI